Suport al finançament : Programa de Crèdit Local, Caixa de Crèdit : memòria anual 2008 Programa de Crèdit Local, Caixa de Crèdit :
Publicado:
Barcelona :
Diputació de Barcelona. Àrea d'Hisenda i Recursos Interns. Servei de Programació ,
2009
Descripción Física:
132 p. : gràf., map., taules ; 30 cm
Otros Autores:
Caixa de Crèdit
MARC
| LEADER | 00000nam a2200000Ia 4500 | ||
|---|---|---|---|
| 001 | 21666 | ||
| 008 | 160829s2009 xx 000 0 cat d | ||
| 080 | |a M-6-216 | ||
| 245 | |a Suport al finançament : |b Programa de Crèdit Local, Caixa de Crèdit : |b memòria anual 2008 | ||
| 260 | |a Barcelona : |b Diputació de Barcelona. Àrea d'Hisenda i Recursos Interns. Servei de Programació, |c 2009 | ||
| 300 | |a 132 p. : |b gràf., map., taules ; |c 30 cm | ||
| 610 | 2 | 0 | |a Programa de Crèdit Local |9 54391 |
| 650 | |a Caixa de Crèdit |x Memòries |9 45377 | ||
| 700 | |a Caixa de Crèdit |9 45379 | ||
| 710 | |a Barcelona (Catalunya : Província). |b Servei de Programació |9 53631 | ||
| 710 | 2 | |a Programa de Crèdit Local |9 54391 | |
| 901 | |a Arxiu | ||
| 942 | |n 1 | ||
| 952 | |0 0 |1 0 |4 0 |6 M6216 |7 1 |9 52559 |a Arxiu |b Arxiu |d 2016-12-01 |l 0 |o M-6-216 |p 21666 |r 2016-12-01 00:00:00 |w 2016-12-01 |y ARXIU | ||
| 999 | |c 56408 |d 56408 | ||